Financovanie zdravotnej starostlivosti v Slovenskej republike bakalárska práca

Salvato in:
Dettagli Bibliografici
Autore principale: Bučeková, Eva
Ente Autore: Národohospodárska fakulta EU. Katedra sociálneho rozvoja a práce
Altri autori: Nováková, Michaela, 1977-
Natura: Libro
Lingua:slovacco
Pubblicazione: Bratislava 2015
Tags: Aggiungi Tag
Nessun Tag, puoi essere il primo ad aggiungerne!!

MARC

LEADER 00000nbm a2200000 4500
001 0205035
005 20161212094942.6
041 0 |a slo 
044 |a SK 
245 1 0 |a Financovanie zdravotnej starostlivosti v Slovenskej republike  |b bakalárska práca  |c Eva Bučeková ; školiteľ: Michaela Nováková 
264 1 |a Bratislava  |c 2015 
300 |a 47 s. 
100 1 |a Bučeková, Eva 
700 1 |a Nováková, Michaela, 1977- 
710 2 |a Národohospodárska fakulta EU. Katedra sociálneho rozvoja a práce